Advent Quiz - Statistics

General Stats
  • This quiz has been taken 10 times
  • The average score is 6 of 17
Answer Stats
Hint Answer % Correct
An Advent _____ is used to count down the days until Christmas and may have gifts inside tiny doors. Calendar
100%
How many Sundays are in the season of Advent? Four
90%
In what country did this evergreen/candles tradition begin? Germany
80%
Advent comes from the Latin adventus, which means what? Coming
60%
Fill in the blank: "O come, o come, ______, and ransom captive Israel..." Emmanuel
60%
An Advent ____ involves a circle of evergreens with four (sometimes five) candles? Wreath
60%
Of the four usual candles, what color is the odd one out? Pink
50%
Some families set up a nativity scene during Advent, but wait until Christmas to place what element? Baby Jesus
40%
What is the fourth candle called, which symbolizes love? Angel's Candle
20%
Fill in the blank: On Jordan's bank, the ____'s cry, announces that the Lord is nigh...." Baptist
20%
What is the optional fifth, white candle, called, which is placed in the center? Christ Candle
20%
Fill in the blank: "People, look ____, the time is near of the crowning of the year..." East
10%
Fill in the blank: "Come, thou long ____ Jesus, born to set thy people free..." Expected
10%
What is the second candle called, which symbolizes peace? Bethlehem Candle
0%
What is the first candle called, which symbolizes hope? Prophecy Candle
0%
Fill in the blank: "____ of the nations come..." Saviour
0%
What is the third candle called, which symbolizes joy? Shepherd's Candle
0%
No matching quizzes found
Score Distribution
Percent of People with Each Score
Percentile by Number Answered
Your Score History
You have not taken this quiz